LEADER 00993nam a2200253 i 4500 001 991001505479707536 008 060301 1994 de a ger 020 $a3740000244 035 $ab13382822-39ule_inst 040 $aDip.to Filosofia$bita 082 0 $a193 100 1 $aGoethe, Johann Wolfgang :$cvon$0151776 245 10$aMorphologische Hefte /$cGoethe ; bearbeitet von Dorothea Kuhn 260 $aWeimar :$bHermann Bohlaus Nachfolger,$c1994 300 $aVII, 389 p., 32 c. di tav. :$bill. ;$c24 cm 440 4$aDie Schriften zur Naturwissenschaft ;$v9 700 1 $aKuhn, Dorothea 740 4 $aDie Schriften zur naturwissenschaft : Texte / Goethe 907 $a.b13382822$b26-01-07$c01-03-06 912 $a991001505479707536 945 $aLE005 193 GOE01. LEOP. v. 01. t. 09$g1$i2005000173059$lle005$o-$pE44.90$q-$rn$so $t0$u0$v0$w0$x0$y.i14198885$z01-03-06 996 $aMorphologische Hefte$91090284 997 $aUNISALENTO 998 $ale005$b01-03-06$cm$da $e-$fger$gde $h0$i0